[Event "POL-chT U26 rapid"]
[Site "Hucisko"]
[Date "2016.01.17"]
[Round "8.7"]
[White "Swiercz, Dariusz"]
[Black "Tomsia, Kamil"]
[Result "1-0"]
[WhiteElo "2664"]
[BlackElo "2150"]
[PlyCount "65"]
[EventDate "2016.01.16"]
[EventType "team-swiss (rapid)"]
[EventRounds "9"]
[EventCountry "POL"]
[SourceTitle "CBM 170 Extra"]
[Source "ChessBase"]
[SourceDate "2016.02.25"]
[SourceVersion "1"]
[SourceVersionDate "2016.02.25"]
[SourceQuality "1"]
[WhiteTeam "Katowice UE"]
[BlackTeam "Krakow UJ"]
[WhiteTeamCountry "POL"]
[BlackTeamCountry "POL"]

1. d4 g6 2. e4 Bg7 3. Nf3 d6 4. Bc4 e6 5. 0-0 Ne7 6. c3 0-0 7. Re1 c5 8. dxc5 dxc5 9. Bg5 Qxd1 10. Rxd1 Nbc6 11. Na3 a6 12. Be2 b5 13. Nc2 e5 14. a4 Rb8 15. axb5 axb5 16. Be3 c4 17. Bc5 f5 18. Nb4 Re8 19. Bd6 Rb7 20. Na6 fxe4 21. Ng5 e3 22. fxe3 Nf5 23. Bf3 Nd8 24. Nc7 Rxc7 25. Bxc7 Ne6 26. Bc6 Nxc7 27. Bxe8 Nxe8 28. Rd8 Nfd6 29. Ra8 Bf6 30. Rxe8+ Nxe8 31. Rxc8 Kf8 32. Nxh7+ Ke7 33. Rxe8+ 1-0

[Event "POL-ch U26 rapid"]
[Site "Hucisko"]
[Date "2016.01.16"]
[Round "7"]
[White "Kowalczyk, Rafal"]
[Black "Tomsia, Kamil"]
[Result "0-1"]
[WhiteElo "2155"]
[BlackElo "2150"]
[PlyCount "134"]
[EventDate "2016.01.15"]
[EventType "swiss (rapid)"]
[EventRounds "9"]
[EventCountry "POL"]
[SourceTitle "CBM 170 Extra"]
[Source "ChessBase"]
[SourceDate "2016.02.25"]
[SourceVersion "1"]
[SourceVersionDate "2016.02.25"]
[SourceQuality "1"]

1. d4 g6 2. c4 d6 3. g3 Bg7 4. Bg2 Nf6 5. Nc3 0-0 6. Nf3 c5 7. dxc5 dxc5 8. Be3 Qa5 9. Qa4 Nc6 10. Nd2 Qxa4 11. Nxa4 Nd4 12. Rc1 Ng4 13. Nf1 Ne6 14. Rd1 Rb8 15. Nc3 Ne5 16. Nd2 Ng4 17. Nf1 Ne5 18. Bd5 Nd4 19. f4 e6 20. fxe5 exd5 21. Nxd5 Bxe5 22. Kf2 Be6 23. Bh6 Bxd5 24. cxd5 Rfd8 25. Ne3 Rd7 26. Nc4 Re8 27. Bc1 Rde7 28. e3 Nb5 29. a4 Nd6 30. b3 Ne4+ 31. Kf3 Ng5+ 32. Kg2 Rd8 33. Rhe1 Ne4 34. Rd3 Bf6 35. h4 Red7 36. Kf3 Re7 37. d6 Re6 38. d7 Bg7 39. g4 f5 40. g5 a6 41. a5 Nc3 42. Bb2 Nb5 43. Bxg7 Kxg7 44. Red1 Nc7 45. Nb6 Kf8 46. Rd6 Rxd6 47. Rxd6 Ke7 48. Rd1 Nb5 49. e4 fxe4+ 50. Kxe4 Nc3+ 51. Ke5 Nxd1 52. Kd5 Nc3+ 53. Kxc5 Ne4+ 54. Kd5 Nf2 55. Ke5 Ng4+ 56. Kf4 Nf2 57. Kf3 Nd3 58. b4 Nxb4 59. Ke4 Nc6 60. Kd5 Nxa5 61. Kc5 Nb3+ 62. Kb4 Nd4 63. Kc4 Ne6 64. Kd5 Rxd7+ 65. Nxd7 Kxd7 66. Ke5 b5 67. Ke4 b4 0-1

[Event "POL-chT U19 1st League"]
[Site "Maslow Pierwszy"]
[Date "2014.07.30"]
[Round "6"]
[White "Kucza, Karol"]
[Black "Tomsia, Kamil"]
[Result "0-1"]
[WhiteElo "2042"]
[BlackElo "2147"]
[PlyCount "74"]
[EventDate "2014.07.25"]
[EventType "team-tourn"]
[EventRounds "9"]
[EventCountry "POL"]
[SourceTitle "EXT 2015"]
[Source "ChessBase"]
[SourceDate "2014.11.20"]
[SourceVersion "1"]
[SourceVersionDate "2014.11.20"]
[SourceQuality "1"]
[WhiteTeam "Zary ZKSz U19"]
[BlackTeam "Trzebinia UKS Hetman Koronny U19"]
[WhiteTeamCountry "POL"]
[BlackTeamCountry "POL"]

1. e4 c5 2. Nf3 d6 3. d4 cxd4 4. Nxd4 Nf6 5. Nc3 a6 6. Be3 e5 7. Nb3 Be7 8. f3 Be6 9. Qd2 0-0 10. 0-0-0 a5 11. Bb5 Na6 12. Qe2 Qb8 13. g4 Rc8 14. Kb1 a4 15. Nxa4 Nb4 16. Rd2 Rxa4 17. Bxa4 Bc4 18. Qf2 b5 19. Ba7 Qa8 20. Bxb5 Bxb5 21. Nc1 Nd7 22. Be3 Nc5 23. b3 d5 24. exd5 Nxd5 25. c4 Nxe3 26. cxb5 Nxg4 27. Qg3 Ne4 28. fxe4 Qxe4+ 29. Qd3 Qxh1 30. Rd1 Qb7 31. Qd7 Qxd7 32. Rxd7 Ba3 33. Ne2 Nf6 34. Ra7 Bc5 35. Ra6 Nd5 36. Kb2 Rb8 37. a4 Nb4 0-1

[Event "POL-chT U19 1st League"]
[Site "Maslow Pierwszy"]
[Date "2014.07.28"]
[Round "4"]
[White "Chmiel, Marcin"]
[Black "Tomsia, Kamil"]
[Result "0-1"]
[WhiteElo "2076"]
[BlackElo "2147"]
[PlyCount "96"]
[EventDate "2014.07.25"]
[EventType "team-tourn"]
[EventRounds "9"]
[EventCountry "POL"]
[SourceTitle "EXT 2015"]
[Source "ChessBase"]
[SourceDate "2014.11.20"]
[SourceVersion "1"]
[SourceVersionDate "2014.11.20"]
[SourceQuality "1"]
[WhiteTeam "Myslenice MLKSz U19"]
[BlackTeam "Trzebinia UKS Hetman Koronny U19"]
[WhiteTeamCountry "POL"]
[BlackTeamCountry "POL"]

1. e4 c5 2. Nf3 Nc6 3. d4 cxd4 4. Nxd4 Nf6 5. Nc3 d6 6. Bc4 e6 7. Be3 a6 8. 0-0 Bd7 9. Bb3 b5 10. a3 Ne5 11. f4 Neg4 12. Bf2 Be7 13. h3 Nxf2 14. Rxf2 Qc7 15. f5 e5 16. Nde2 Bc6 17. Nd5 Bxd5 18. Bxd5 Rc8 19. Nc3 Qc5 20. Qd3 Rc7 21. Ba2 0-0 22. Raf1 b4 23. axb4 Qxb4 24. Nd5 Nxd5 25. Bxd5 Bf6 26. c3 Qb6 27. Kh1 Rb8 28. g3 Bg5 29. h4 Bh6 30. Re2 Kh8 31. Rg1 Qb5 32. Qf3 Qd7 33. g4 Bf4 34. g5 g6 35. f6 h5 36. gxh6 Kh7 37. Rg4 Qa4 38. Rg1 Qd7 39. Rg4 Qa4 40. Qh3 Qd1+ 41. Rg1 Qxe2 42. h5 Rxb2 43. hxg6+ fxg6 44. Bg8+ Kh8 45. Rxg6 Qh2+ 46. Qxh2 Rxh2+ 47. Kg1 Rxc3 48. Bc4 Rxc4 0-1

[Event "POL-chT U19 1st League"]
[Site "Maslow Pierwszy"]
[Date "2014.07.26"]
[Round "2"]
[White "Tomsia, Kamil"]
[Black "Wisniewski, Jacek"]
[Result "1-0"]
[WhiteElo "2147"]
[BlackElo "1667"]
[PlyCount "81"]
[EventDate "2014.07.25"]
[EventType "team-tourn"]
[EventRounds "9"]
[EventCountry "POL"]
[SourceTitle "EXT 2015"]
[Source "ChessBase"]
[SourceDate "2014.11.20"]
[SourceVersion "1"]
[SourceVersionDate "2014.11.20"]
[SourceQuality "1"]
[WhiteTeam "Trzebinia UKS Hetman Koronny U19"]
[BlackTeam "Chylice KS Laura U19"]
[WhiteTeamCountry "POL"]
[BlackTeamCountry "POL"]

1. c4 Nf6 2. Nc3 g6 3. g3 Bg7 4. Bg2 0-0 5. e3 c5 6. Nge2 Nc6 7. 0-0 d6 8. d4 Bd7 9. h3 Rb8 10. b3 a6 11. Bb2 Qc7 12. Nf4 b5 13. dxc5 dxc5 14. cxb5 axb5 15. Ncd5 Nxd5 16. Nxd5 Qd6 17. Bxg7 Kxg7 18. Qc2 e6 19. Nf4 Nb4 20. Qc3+ Kg8 21. Rfd1 Qe7 22. a3 Nc6 23. Nd3 c4 24. bxc4 bxc4 25. Qxc4 Na5 26. Qc5 Qxc5 27. Nxc5 Bc6 28. Bxc6 Rfc8 29. Nd7 Nxc6 30. Nxb8 Rxb8 31. Rac1 Ne7 32. e4 Rb7 33. Rd3 Ra7 34. Rdc3 Kf8 35. f3 f5 36. Kf2 Kf7 37. Ke3 Kf6 38. Kd4 Ra5 39. Rb1 Ng8 40. Rb7 h5 41. e5+ 1-0

[Event "POL-ch U18"]
[Site "Szczyrk"]
[Date "2013.??.??"]
[Round "2"]
[White "Worobiej, Daniel"]
[Black "Tomsia, Kamil"]
[Result "0-1"]
[WhiteElo "1859"]
[BlackElo "2141"]
[PlyCount "60"]
[EventDate "2013.03.17"]
[EventType "swiss"]
[EventRounds "9"]
[EventCountry "POL"]
[SourceTitle "CBM 153 Extra"]
[Source "ChessBase"]
[SourceDate "2013.04.22"]
[SourceVersion "1"]
[SourceVersionDate "2013.04.22"]
[SourceQuality "1"]

1. e4 c5 2. Nf3 Nc6 3. Bb5 e6 4. Nc3 Nge7 5. 0-0 a6 6. Bxc6 Nxc6 7. d4 cxd4 8. Nxd4 Qc7 9. Re1 Bd6 10. Nxc6 dxc6 11. Qh5 Be5 12. Be3 Bxc3 13. bxc3 b6 14. a4 a5 15. Rab1 c5 16. Red1 0-0 17. Rxb6 Qxb6 18. Bxc5 g6 19. Qe5 Rd8 20. Bd4 Rxd4 21. cxd4 Bd7 22. c4 Bxa4 23. c5 Qb4 24. Rc1 Qb2 25. Re1 Qc3 26. Rb1 h5 27. h4 Bb3 28. c6 a4 29. c7 Rc8 30. g4 Qxc7 0-1

[Event "POL-ch U16"]
[Site "Murzasichle"]
[Date "2011.03.10"]
[Round "7"]
[White "Malaczek, Mateusz"]
[Black "Tomsia, Kamil"]
[Result "0-1"]
[WhiteElo "1876"]
[BlackElo "2105"]
[PlyCount "64"]
[EventDate "2011.03.05"]
[EventType "swiss"]
[EventRounds "9"]
[EventCountry "POL"]
[SourceTitle "EXT 2012"]
[Source "ChessBase"]
[SourceDate "2011.11.24"]
[SourceVersion "1"]
[SourceVersionDate "2011.11.24"]
[SourceQuality "1"]

1. e4 c5 2. Nf3 Nc6 3. d4 cxd4 4. Nxd4 Nf6 5. Nc3 d6 6. Bg5 e6 7. Qd2 Bd7 8. 0-0-0 a6 9. f3 Be7 10. Be3 b5 11. g4 Nxd4 12. Qxd4 Qa5 13. Kb1 0-0 14. g5 b4 15. Ne2 Ne8 16. f4 Nc7 17. Nc1 Nb5 18. Bxb5 Qxb5 19. h4 Rfc8 20. b3 a5 21. h5 Bc6 22. Nd3 a4 23. h6 Bf8 24. Bc1 e5 25. fxe5 dxe5 26. Nxe5 Rd8 27. Qb2 a3 28. Qa1 Bxe4 29. Rhf1 Rac8 30. Nc4 Bxc2+ 31. Kxc2 Rxc4+ 32. Kb1 Rxd1 0-1

[Event "POL-ch U16"]
[Site "Murzasichle"]
[Date "2011.03.07"]
[Round "3"]
[White "Cukrowski, Filip"]
[Black "Tomsia, Kamil"]
[Result "1-0"]
[WhiteElo "2079"]
[BlackElo "2105"]
[PlyCount "69"]
[EventDate "2011.03.05"]
[EventType "swiss"]
[EventRounds "9"]
[EventCountry "POL"]
[SourceTitle "EXT 2012"]
[Source "ChessBase"]
[SourceDate "2011.11.24"]
[SourceVersion "1"]
[SourceVersionDate "2011.11.24"]
[SourceQuality "1"]

1. e4 c5 2. Nf3 Nc6 3. d4 cxd4 4. Nxd4 Nf6 5. Nc3 d6 6. Bg5 a6 7. Qd2 e6 8. 0-0-0 Bd7 9. f4 b5 10. Bxf6 gxf6 11. Kb1 Qb6 12. Nxc6 Bxc6 13. f5 b4 14. Ne2 e5 15. Ng3 h5 16. h4 Qc5 17. Qe2 Ke7 18. Nxh5 Bh6 19. g4 Be3 20. Rh3 Bd4 21. g5 fxg5 22. hxg5 Rag8 23. f6+ Kd8 24. Ng7 Bb5 25. Qh2 Rxh3 26. Qxh3 Bd7 27. Qb3 Rf8 28. Bh3 Be3 29. Bxd7 Kxd7 30. g6 Bd4 31. gxf7 d5 32. Qh3+ Kd6 33. Qe6+ Kc7 34. Qe7+ Kb6 35. Ne6 1-0

[Event "POL-ch U16"]
[Site "Murzasichle"]
[Date "2011.03.07"]
[Round "4"]
[White "Tomsia, Kamil"]
[Black "Eggink, Mateusz"]
[Result "0-1"]
[WhiteElo "2105"]
[BlackElo "1963"]
[PlyCount "79"]
[EventDate "2011.03.05"]
[EventType "swiss"]
[EventRounds "9"]
[EventCountry "POL"]
[SourceTitle "EXT 2012"]
[Source "ChessBase"]
[SourceDate "2011.11.24"]
[SourceVersion "1"]
[SourceVersionDate "2011.11.24"]
[SourceQuality "1"]

1. c4 Nf6 2. Nc3 g6 3. g3 Bg7 4. Bg2 0-0 5. e3 c5 6. Nge2 Nc6 7. 0-0 d6 8. d4 Nd7 9. b3 e6 10. d5 exd5 11. Qxd5 Nb6 12. Qd2 Be6 13. Nf4 Nb4 14. Bb2 Qe7 15. Ne4 Be5 16. Nxc5 Bxc4 17. bxc4 dxc5 18. Bxe5 Nxc4 19. Qc3 Nxe5 20. Bxb7 Rad8 21. Bg2 g5 22. Nh5 Rd3 23. Qb2 c4 24. a3 Rb3 25. Qe2 Nbd3 26. Qc2 Qe6 27. h3 Kh8 28. Kh2 Rb2 29. Qc3 f6 30. f4 Rb3 31. Qd4 Nc6 32. Qd5 Qxd5 33. Bxd5 Rb2+ 34. Kg1 Na5 35. fxg5 c3 36. Rfd1 c2 37. Rf1 Rfb8 38. Be4 Nb3 39. gxf6 Nxa1 40. f7 0-1

[Event "POL-ch U16"]
[Site "Murzasichle"]
[Date "2011.03.05"]
[Round "1"]
[White "Gawiec, Konrad"]
[Black "Tomsia, Kamil"]
[Result "0-1"]
[WhiteElo "1878"]
[BlackElo "2105"]
[PlyCount "50"]
[EventDate "2011.03.05"]
[EventType "swiss"]
[EventRounds "9"]
[EventCountry "POL"]
[SourceTitle "EXT 2012"]
[Source "ChessBase"]
[SourceDate "2011.11.24"]
[SourceVersion "1"]
[SourceVersionDate "2011.11.24"]
[SourceQuality "1"]

1. e4 c5 2. Nf3 Nc6 3. d4 cxd4 4. Nxd4 Nf6 5. Nc3 d6 6. Bc4 e6 7. 0-0 Be7 8. Be3 0-0 9. Nb3 a6 10. a4 b6 11. f4 Bb7 12. Qd2 Ng4 13. Rad1 Qc7 14. h3 Nxe3 15. Qxe3 d5 16. exd5 Na5 17. Nxa5 Bc5 18. Rd4 bxa5 19. Rfd1 exd5 20. Nxd5 Bxd5 21. Bxd5 Rad8 22. c4 Rfe8 23. Qd3 Qxf4 24. Kh1 Bxd4 25. Qxd4 Re1+ 0-1

[Event "POL-chT U19 42nd"]
[Site "Ustron"]
[Date "2011.??.??"]
[Round "9.8"]
[White "Tomsia, Kamil"]
[Black "Budzinski, Jan"]
[Result "1-0"]
[WhiteElo "2090"]
[BlackElo "1960"]
[PlyCount "117"]
[EventDate "2011.06.24"]
[EventType "team-tourn"]
[EventRounds "9"]
[EventCountry "POL"]
[SourceTitle "EXT 2015"]
[Source "ChessBase"]
[SourceDate "2014.11.20"]
[SourceVersion "1"]
[SourceVersionDate "2014.11.20"]
[SourceQuality "1"]
[WhiteTeam "Trzebinia UKS Hetman Koronny U19"]
[BlackTeam "Skierniewice KS Piatka U19"]
[WhiteTeamCountry "POL"]
[BlackTeamCountry "POL"]

1. d4 d5 2. c4 e6 3. Nc3 Nf6 4. cxd5 exd5 5. Bg5 Be7 6. e3 c6 7. Qc2 Nbd7 8. Bd3 Nh5 9. Bxe7 Qxe7 10. Nge2 g6 11. 0-0-0 Nb6 12. Rhe1 Be6 13. Kb1 0-0-0 14. f3 f5 15. h3 Bf7 16. g4 fxg4 17. hxg4 Ng7 18. Ng3 Qh4 19. Qg2 Ne6 20. Rh1 Qf6 21. f4 h5 22. gxh5 gxh5 23. Nf5 Rhg8 24. Qh3 Bg6 25. Qh4 Qxh4 26. Nxh4 Bxd3+ 27. Rxd3 Rdf8 28. b3 Kd8 29. Kc2 Rg3 30. Ne2 Rg4 31. Rdd1 Nc8 32. Nf3 Rg2 33. Kd3 Nd6 34. Rxh5 Ne4 35. Rg1 Rf2 36. Ne5 Nf6 37. Rf5 c5 38. Rxf6 Rxf6 39. Ng4 Rxe2 40. Nxf6 Rxa2 41. Nxd5 cxd4 42. f5 Nc5+ 43. Kxd4 Nxb3+ 44. Ke5 Ke8 45. f6 Ra5 46. Rg8+ Kf7 47. Rg7+ Kf8 48. Rxb7 Nc5 49. Rc7 Ke8 50. e4 Nd3+ 51. Ke6 Ra6+ 52. Kf5 Ra1 53. e5 Re1 54. f7+ Kf8 55. e6 Rf1+ 56. Kg5 Ne5 57. Rc8+ Kg7 58. Rg8+ Kh7 59. Nf6+ 1-0

[Event "POL-chT U19 42nd"]
[Site "Ustron"]
[Date "2011.??.??"]
[Round "5.8"]
[White "Weichhold, Pawel"]
[Black "Tomsia, Kamil"]
[Result "1-0"]
[WhiteElo "2285"]
[BlackElo "2090"]
[PlyCount "43"]
[EventDate "2011.06.24"]
[EventType "team-tourn"]
[EventRounds "9"]
[EventCountry "POL"]
[SourceTitle "EXT 2015"]
[Source "ChessBase"]
[SourceDate "2014.11.20"]
[SourceVersion "1"]
[SourceVersionDate "2014.11.20"]
[SourceQuality "1"]
[WhiteTeam "Koszalin Hetman Politechnika U19"]
[BlackTeam "Trzebinia UKS Hetman Koronny U19"]
[WhiteTeamCountry "POL"]
[BlackTeamCountry "POL"]

1. e4 e6 2. d4 d5 3. Nc3 Nf6 4. Bg5 Bb4 5. e5 h6 6. Be3 Ne4 7. Qg4 g6 8. a3 Bxc3+ 9. bxc3 Nxc3 10. Bd3 c5 11. dxc5 Nc6 12. Nf3 Qa5 13. 0-0 Bd7 14. Qh4 Qd8 15. Bg5 Qa5 16. Bf6 Rg8 17. Qxh6 Qxc5 18. Ng5 Qf8 19. Qh4 d4 20. Rab1 Nxb1 21. Rxb1 Qc5 22. Ne4 1-0

[Event "Polanica Zdroj op-B 45th"]
[Site "Polanica Zdroj"]
[Date "2009.08.25"]
[Round "8"]
[White "Szusterowski, Radoslaw"]
[Black "Tomsia, Kamil"]
[Result "1/2-1/2"]
[WhiteElo "1969"]
[BlackElo "2103"]
[PlyCount "81"]
[EventDate "2009.08.18"]
[EventType "swiss"]
[EventRounds "10"]
[EventCountry "POL"]
[SourceTitle "CBM 131 Extra"]
[Source "ChessBase"]
[SourceDate "2009.09.03"]
[SourceVersion "2"]
[SourceVersionDate "2009.09.16"]
[SourceQuality "1"]

1. d4 f5 2. c4 Nf6 3. Nf3 e6 4. Nc3 Bb4 5. Qb3 Qe7 6. Bf4 Nc6 7. e3 d6 8. Be2 Ne4 9. h4 b6 10. 0-0 Bxc3 11. bxc3 Na5 12. Qc2 Bb7 13. Ng5 e5 14. f3 Nf6 15. Bg3 h6 16. Nh3 0-0 17. c5 exd4 18. cxd6 Qxe3+ 19. Bf2 Qxc3 20. Qxf5 Bc8 21. Qg6 Bxh3 22. gxh3 c5 23. Kh1 Qd2 24. Bd3 Kh8 25. Bf5 Nc4 26. Rg1 Rg8 27. Bg3 Qe3 28. Rgf1 Qe8 29. Qxe8 Rgxe8 30. d7 Re7 31. Rfe1 Rxe1+ 32. Rxe1 Ne3 33. Be6 Rd8 34. Bc7 Rxd7 35. Bxd7 Nxd7 36. Bf4 Nd5 37. Re8+ Kh7 38. Bc1 c4 39. Re4 Nc3 40. Rxd4 Ne5 41. Bf4 1/2-1/2

[Event "Polanica Zdroj op-B 45th"]
[Site "Polanica Zdroj"]
[Date "2009.08.24"]
[Round "7"]
[White "Solnicki, Michal"]
[Black "Tomsia, Kamil"]
[Result "1/2-1/2"]
[WhiteElo "2031"]
[BlackElo "2103"]
[PlyCount "45"]
[EventDate "2009.08.18"]
[EventType "swiss"]
[EventRounds "10"]
[EventCountry "POL"]
[SourceTitle "CBM 131 Extra"]
[Source "ChessBase"]
[SourceDate "2009.09.03"]
[SourceVersion "2"]
[SourceVersionDate "2009.09.16"]
[SourceQuality "1"]

1. d4 f5 2. g3 Nf6 3. Bg2 d5 4. c4 e6 5. Nc3 c6 6. Bf4 Bd6 7. Nf3 0-0 8. Bxd6 Qxd6 9. Ne5 Nbd7 10. f4 b6 11. cxd5 exd5 12. Qb3 Kh8 13. Rc1 Bb7 14. 0-0 Ne4 15. Nxe4 fxe4 16. Nxd7 Qxd7 17. Rc2 Rfc8 18. Qb4 Rc7 19. Rfc1 Rac8 20. e3 Ba6 21. Rc3 h6 22. Qa3 Bd3 23. b4 1/2-1/2

[Event "Polanica Zdroj op-B 45th"]
[Site "Polanica Zdroj"]
[Date "2009.08.23"]
[Round "6"]
[White "Tomsia, Kamil"]
[Black "Kowalczyk, Pawel"]
[Result "0-1"]
[WhiteElo "2103"]
[BlackElo "2103"]
[PlyCount "64"]
[EventDate "2009.08.18"]
[EventType "swiss"]
[EventRounds "10"]
[EventCountry "POL"]
[SourceTitle "CBM 131 Extra"]
[Source "ChessBase"]
[SourceDate "2009.09.03"]
[SourceVersion "2"]
[SourceVersionDate "2009.09.16"]
[SourceQuality "1"]

1. g3 e5 2. Bg2 d5 3. d3 Nf6 4. c4 dxc4 5. dxc4 Qxd1+ 6. Kxd1 Bc5 7. e3 Nc6 8. a3 Bg4+ 9. f3 0-0-0+ 10. Ke2 Be6 11. Bh3 a5 12. Bxe6+ fxe6 13. Nc3 e4 14. f4 h5 15. h3 e5 16. Kf2 h4 17. Nge2 hxg3+ 18. Kg2 exf4 19. Nxf4 Bd6 20. Ne6 Rd7 21. Bd2 Ne5 22. Ng5 Nxc4 23. Ncxe4 Be5 24. Bc3 Nxe3+ 25. Kf3 Nxe4 26. Nxe4 g2 27. Rhg1 Rxh3+ 28. Ke2 Bh2 29. Nf2 Rg3 30. Be5 Bxg1 31. Bxg3 Bxf2 32. Kxf2 Rd1 0-1

[Event "Polanica Zdroj op-B 45th"]
[Site "Polanica Zdroj"]
[Date "2009.08.20"]
[Round "3"]
[White "Graczyk, Damian"]
[Black "Tomsia, Kamil"]
[Result "0-1"]
[WhiteElo "1890"]
[BlackElo "2103"]
[PlyCount "94"]
[EventDate "2009.08.18"]
[EventType "swiss"]
[EventRounds "10"]
[EventCountry "POL"]
[SourceTitle "CBM 131 Extra"]
[Source "ChessBase"]
[SourceDate "2009.09.03"]
[SourceVersion "2"]
[SourceVersionDate "2009.09.16"]
[SourceQuality "1"]

1. d4 f5 2. c4 Nf6 3. Nc3 g6 4. h4 Bg7 5. h5 Nxh5 6. e4 e6 7. Rxh5 gxh5 8. Qxh5+ Kf8 9. Bh6 Qf6 10. Bxg7+ Kxg7 11. Rd1 Qh6 12. Qf3 d6 13. Nb5 Na6 14. Ne2 Rf8 15. Ng3 Bd7 16. Bd3 Bxb5 17. cxb5 Nb4 18. exf5 Nxd3+ 19. Rxd3 Kh8 20. Rc3 exf5 21. Qxb7 Rae8+ 22. Kd1 Qf4 23. Ne2 Qxf2 24. Qf3 Qxf3 25. Rxf3 Re4 26. Rd3 Rfe8 27. Nc3 Re1+ 28. Kc2 Rg1 29. g3 Rg2+ 30. Kb3 Rg8 31. Rf3 Rg5 32. Kc4 R2xg3 33. Rf1 h5 34. Kd5 h4 35. Ne2 Rg2 36. Nf4 Rxb2 37. Ke6 Kg7 38. Rc1 Rxb5 39. Rxc7+ Kh6 40. Rc8 d5 41. Ke5 Rg1 42. Rh8+ Kg7 43. Rxh4 Re1+ 44. Kxf5 Rb6 45. Kg5 Rg1+ 46. Kf5 Rf6+ 47. Ke5 Rg5# 0-1

[Event "POL-chT U19 40th"]
[Site "Chotowa"]
[Date "2009.07.??"]
[Round "1"]
[White "Tomsia, Kamil"]
[Black "Cichy, Kamil"]
[Result "1-0"]
[WhiteElo "2103"]
[BlackElo "1867"]
[PlyCount "49"]
[EventDate "2009.07.06"]
[EventType "team-tourn"]
[EventRounds "9"]
[EventCountry "POL"]
[SourceTitle "EXT 2012"]
[Source "ChessBase"]
[SourceDate "2011.11.24"]
[SourceVersion "1"]
[SourceVersionDate "2011.11.24"]
[SourceQuality "1"]
[WhiteTeam "Trzebinia UKS Hetman Koronny U19"]
[BlackTeam "Rybnik MKSz U19"]
[WhiteTeamCountry "POL"]
[BlackTeamCountry "POL"]

1. Nf3 c5 2. g3 g6 3. Bg2 Bg7 4. 0-0 Nc6 5. c4 e5 6. Nc3 Nge7 7. d3 0-0 8. Nd5 d6 9. Ne1 Nxd5 10. cxd5 Ne7 11. e4 b5 12. a3 Bb7 13. b4 Rc8 14. Be3 a6 15. Bh3 f5 16. bxc5 dxc5 17. Qb3 Qd6 18. Rc1 Rc7 19. f4 c4 20. Qb4 Rd8 21. Nf3 fxe4 22. dxe4 Bh6 23. Be6+ Kh8 24. Qxd6 Rxd6 25. Nxe5 1-0

[Event "POL-chT U19 40th"]
[Site "Chotowa"]
[Date "2009.07.??"]
[Round "5"]
[White "Tomsia, Kamil"]
[Black "Khamidov, Komil"]
[Result "1-0"]
[WhiteElo "2103"]
[BlackElo "1962"]
[PlyCount "79"]
[EventDate "2009.07.06"]
[EventType "team-tourn"]
[EventRounds "9"]
[EventCountry "POL"]
[SourceTitle "EXT 2012"]
[Source "ChessBase"]
[SourceDate "2011.11.24"]
[SourceVersion "1"]
[SourceVersionDate "2011.11.24"]
[SourceQuality "1"]
[WhiteTeam "Trzebinia UKS Hetman Koronny U19"]
[BlackTeam "Wroclaw KS Polonia U19"]
[WhiteTeamCountry "POL"]
[BlackTeamCountry "POL"]

1. d4 d5 2. c4 c6 3. e3 Nf6 4. Nc3 a6 5. Nf3 b5 6. cxd5 cxd5 7. Ne5 Bb7 8. Be2 e6 9. 0-0 Nfd7 10. f4 f6 11. Nd3 Bd6 12. b4 Nc6 13. Qb3 0-0 14. f5 Nb6 15. fxe6 Bc8 16. Bg4 Re8 17. Kh1 f5 18. Bxf5 Qh4 19. h3 Qg3 20. Nf4 Bxf4 21. Rxf4 Bxe6 22. Bxe6+ Rxe6 23. Nxd5 Nc4 24. Rf3 Qe1+ 25. Kh2 Rf8 26. Rxf8+ Kxf8 27. Qc2 Rg6 28. Bb2 Qg3+ 29. Kh1 Rg5 30. Rf1+ Kg8 31. Qe4 h6 32. Bc3 Nd6 33. Nf6+ gxf6 34. Qxc6 Nf5 35. Rxf5 Qxe3 36. Rxg5+ hxg5 37. Qf3 Qc1+ 38. Kh2 g4 39. Qxg4+ Kf7 40. Qf3 1-0

[Event "POL-chT U14 15th"]
[Site "Sielpia"]
[Date "2009.05.01"]
[Round "7"]
[White "Tomsia, Kamil"]
[Black "Gora, Jan"]
[Result "1-0"]
[WhiteElo "2127"]
[BlackElo "1761"]
[PlyCount "85"]
[EventDate "2009.04.27"]
[EventType "team-tourn"]
[EventRounds "10"]
[EventCountry "POL"]
[SourceTitle "EXT 2011"]
[Source "ChessBase"]
[SourceDate "2010.11.26"]
[SourceVersion "1"]
[SourceVersionDate "2010.11.26"]
[SourceQuality "1"]

1. d4 Nf6 2. c4 e6 3. Nc3 Bb4 4. Qc2 0-0 5. a3 Bxc3+ 6. Qxc3 b6 7. Bg5 Bb7 8. f3 d5 9. e3 Nbd7 10. cxd5 exd5 11. Bd3 h6 12. Bh4 Qe7 13. Ne2 c5 14. Qd2 Rfe8 15. Bf2 c4 16. Bc2 Bc6 17. 0-0 a5 18. Ng3 b5 19. Rae1 b4 20. e4 dxe4 21. fxe4 Bb5 22. Nf5 Qf8 23. Bg3 Ra6 24. Rf3 Nh5 25. a4 c3 26. bxc3 Bc4 27. e5 Bd5 28. Qd3 Rg6 29. Nh4 Bxf3 30. Nxg6 fxg6 31. gxf3 Nxg3 32. hxg3 bxc3 33. Qxg6 Qe7 34. Qh7+ Kf8 35. Bg6 Nf6 36. Qh8+ Ng8 37. Bxe8 Qg5 38. Kf2 Qd2+ 39. Re2 Qxd4+ 40. Kg2 Qd1 41. Bb5 c2 42. e6 c1Q 43. e7+ 1-0

[Event "EU-ch U12 18th"]
[Site "Herceg Novi"]
[Date "2008.09.23"]
[Round "8"]
[White "Tomsia, Kamil"]
[Black "Dubov, Daniil"]
[Result "1/2-1/2"]
[WhiteElo "2075"]
[BlackElo "2237"]
[PlyCount "61"]
[EventDate "2008.09.15"]
[EventType "swiss"]
[EventRounds "9"]
[EventCountry "MNE"]
[SourceTitle "CBM 126 Extra"]
[Source "ChessBase"]
[SourceDate "2008.11.05"]
[SourceVersion "1"]
[SourceVersionDate "2008.11.05"]
[SourceQuality "1"]

1. d4 d5 2. c4 e6 3. Nc3 c6 4. e3 Nf6 5. Bd2 Nbd7 6. Rc1 Bd6 7. c5 Bc7 8. f4 0-0 9. Bd3 b6 10. b4 a5 11. a3 axb4 12. axb4 bxc5 13. bxc5 Ba6 14. Bxa6 Rxa6 15. Nf3 Ba5 16. Qe2 Qa8 17. 0-0 Bxc3 18. Bxc3 Ne4 19. Ra1 Rxa1 20. Rxa1 Nxc3 21. Qb2 Na4 22. Qc2 Rb8 23. Rxa4 Qb7 24. Nd2 Qb5 25. Kf2 Nf6 26. Kf3 h5 27. h3 g6 28. Ra1 Qb2 29. Ra2 Qb5 30. Ra1 Qb2 31. Ra2 1/2-1/2

[Event "EU-ch U12 18th"]
[Site "Herceg Novi"]
[Date "2008.09.18"]
[Round "4"]
[White "Tomsia, Kamil"]
[Black "Berbatov, Kiprian"]
[Result "0-1"]
[WhiteElo "2075"]
[BlackElo "2250"]
[PlyCount "82"]
[EventDate "2008.09.15"]
[EventType "swiss"]
[EventRounds "9"]
[EventCountry "MNE"]
[SourceTitle "CBM 126 Extra"]
[Source "ChessBase"]
[SourceDate "2008.11.05"]
[SourceVersion "1"]
[SourceVersionDate "2008.11.05"]
[SourceQuality "1"]

1. d4 Nf6 2. c4 g6 3. Nf3 Bg7 4. g3 0-0 5. Bg2 d6 6. Nc3 Nc6 7. 0-0 a6 8. b3 Rb8 9. Bb2 b5 10. cxb5 axb5 11. Qc2 b4 12. Nd1 Na7 13. e4 Nd7 14. Ne3 Ba6 15. Rfd1 c6 16. a4 Qb6 17. e5 Rfd8 18. Nc4 Qc7 19. Bh3 d5 20. Ne3 e6 21. Rac1 Rbc8 22. Ng5 Re8 23. f4 Qb7 24. Bg2 h6 25. Nh3 c5 26. Qf2 Bf8 27. g4 Nc6 28. f5 cxd4 29. fxg6 Ndxe5 30. Nxd5 exd5 31. Bxd5 Nxg6 32. Nf4 Qd7 33. Nh5 Bg7 34. Nxg7 Qxd5 35. Nxe8 Rxe8 36. Re1 Nce5 37. Qg2 Qxb3 38. Kh1 Nh4 39. Qe4 Qxb2 40. Rc2 Qb3 41. Rc5 Qf3+ 0-1